01396nab a22002537a 4500999001500000003000400015005001700019008004100036040000700077100003700084245015800121260007300279300001500352500002700367505036100394505008200755650002300837650003200860650002800892650003300920650002100953773015500974942001301129 c5549d5549OSt20251215163729.0190429b xxu||||| |||| 00| 0 spa d cPJ 96527aTorres-Zambrano, Yorneylis10aLey Olimpia (ley 27.736) : bun hito en la protección de la intimidad y la lucha contra la violencia digital en Argentina /cYorneylis Torres-Zambrano. cCiudad Autónoma de Buenos Aires :aThomson Reuters La Ley, b2025. ap. 180-194 aCita: AR/DOC/167/2024. aSumario: I. Introducción.— II. Prevalencia y consecuencias de la violencia de género en el espacio digital.— III. Evolución legal en respuesta a la delincuencia digital en Argentina y la necesidad de perspectiva de género.— IV. Principales aspectos de la Ley Olimpia.— V. Efectos de la Ley Olimpia en el derecho penal.— VI. Conclusión.  tSi te interesa el texto completo, solicitalo a koha@justierradelfuego.gov.ar  09343aDERECHO PENAL 093053aVIOLENCIA DE GÉNERO 096528aVIOLENCIA DIGITAL 092724aDERECHO A LA INTIMIDAD 092aINFORMÁTICA0 0265893164tRevista de derecho penal y criminología. Nº 3 - Abril 2024dCiudad Autónoma de Buenos Aires : Thomson Reuters La Ley, 2017-x00347914 2udccANA